Modern geometrical optics (Record no. 2529)

MARC details
000 -LEADER
fixed length control field 00612nam a2200205Ia 4500
003 - CONTROL NUMBER IDENTIFIER
control field IN-BaIIA
008 - FIXED-LENGTH DATA ELEMENTS--GENERAL INFORMATION
fixed length control field 211028s9999 xx 000 0 eng d
040 ## - CATALOGING SOURCE
Transcribing agency IIA Library
080 ## - UNIVERSAL DECIMAL CLASSIFICATION NUMBER
Universal Decimal Classification number 535.31
Item number HER
100 ## - MAIN ENTRY--PERSONAL NAME
Personal name Herzberger, Max
9 (RLIN) 4512
245 #0 - TITLE STATEMENT
Title Modern geometrical optics
Statement of responsibility, etc. M. Herzberger
260 ## - PUBLICATION, DISTRIBUTION, ETC.
Place of publication, distribution, etc. New York
Name of publisher, distributor, etc. Interscience Publishers
Date of publication, distribution, etc. 1958
300 ## - PHYSICAL DESCRIPTION
Extent xii,504p.
490 ## - SERIES STATEMENT
Series statement Pure & Applied Mathematics : a Wiley-interscience series of texts, monographs & tracts, 8
650 ## - SUBJECT ADDED ENTRY--TOPICAL TERM
Topical term or geographic name entry element Geometrical Optics
9 (RLIN) 2023
650 ## - SUBJECT ADDED ENTRY--TOPICAL TERM
Topical term or geographic name entry element NASA Thesaurus
650 ## - SUBJECT ADDED ENTRY--TOPICAL TERM
Topical term or geographic name entry element Optics
650 ## - SUBJECT ADDED ENTRY--TOPICAL TERM
Topical term or geographic name entry element Physical Optics
942 ## - ADDED ENTRY ELEMENTS (KOHA)
Koha item type Books
Holdings
Withdrawn status Lost status Damaged status Not for loan Home library Current library Shelving location Date acquired Cost, normal purchase price Total Checkouts Full call number Barcode Date last seen Cost, replacement price Price effective from Koha item type Purchase Price
        IIA Library-Bangalore IIA Library-Bangalore General Stacks 28/03/1966 72.00   535.31/ HER 2828 05/11/2021 72.00 28/03/1966 Books Rs. 72.00

Powered by Koha